000
00313nam a2200133Ia 4500
008
240624s9999 xx 000 0 und d
041
_a
eng
082
_a
658.403 NUT
100
_a
NUTT PAUL C
245
_a
HANDBOOK OF DECISION MAKING
260
_c
2010
_a
New Delhi
_b
Wiley
300
_a
720 : p.
365
_c
_b
26
999
_c
23926
_d
23926